Human rights : (Record no. 94442)

MARC details
000 -LEADER
fixed length control field 00939nam a22002537a 4500
005 - DATE AND TIME OF LATEST TRANSACTION
control field 20180704102554.0
010 ## - LCCN (DPL NO)
LC control number 1718EN-30 ENG-113317 B-687569-570
020 ## - INTERNATIONAL STANDARD BOOK NUMBER
Terms of availability 895.00
International Standard Book Number 0199453527
020 ## - INTERNATIONAL STANDARD BOOK NUMBER
Terms of availability 895.00
International Standard Book Number 9780199453528
035 ## - SYSTEM CONTROL NUMBER
System control number EN-96849
035 ## - SYSTEM CONTROL NUMBER
System control number B-687569-570
037 ## - SOURCE OF ACQUISITION
Source of stock number/acquisition Uppal
Stock number dpl
037 ## - SOURCE OF ACQUISITION
Source of stock number/acquisition DBAD/PUB
082 ## - DEWEY DECIMAL CLASSIFICATION NUMBER
Classification number 323.0954
245 ## - TITLE STATEMENT
Title Human rights :
Statement of responsibility, etc edited by Ashwani Peetush [and] Jay Drydyk
Remainder of title India and the west /
260 ## - PUBLICATION, DISTRIBUTION, ETC. (IMPRINT)
Place of publication, distribution, etc New Delhi
Name of publisher, distributor, etc Oxford University Press
Date of publication, distribution, etc 2015
270 ## - ADDRESS
Address YMCA Library Building, 1 Jai Singh Road,
City New Delhi
Postal code 110001
300 ## - PHYSICAL DESCRIPTION
Extent viii,350p.
Dimensions 23cm(Hb)
500 ## - GENERAL NOTE
General note Includes index
700 ## - ADDED ENTRY--PERSONAL NAME
Personal name Ashwani Peetush
700 ## - ADDED ENTRY--PERSONAL NAME
Personal name Drydyk, Jay
942 ## - ADDED ENTRY ELEMENTS (KOHA)
Source of classification or shelving scheme Dewey Decimal Classification
Item type English Books
Call number suffix HUM
Classification part 323.0954
Holdings
Withdrawn status Lost status Not for loan Collection code Home library Current library Date acquired Source of acquisition Cost, normal purchase price Full call number Barcode Copy number Cost, replacement price Koha item type
      Non-fiction Ashok Vihar Ashok Vihar 02/07/2018 Uppal 14884 04-12-2017/ 91/ 20-11-2017/ 10-01-2018 895.00 323.0954 HUM B-687570 1 895.00 English Books
      Non-fiction Central Library Central Library 02/07/2018 Uppal 14884 04-12-2017/ 91/ 20-11-2017/ 10-01-2018 895.00 323.0954 HUM B-687569 1 895.00 English Books
    Not For Loan Non-fiction D.B.Act.Division D.B.Act.Division 22/06/2015 DBAD/PUB 895.00 323.0954 HUM EN-96849 1 895.00 English Books

© Delhi Public Library
Hit Counter
free hit counter